LEADER 01289nam a2200277 u 4500 001 000000031827 003 CaOOAMICUS 005 20070226112201.0 008 971008s1967 it u000 u ita u 035 $a10772009 040 $aPUL(R)$bita 041 0 $aita$agrc 130 0 $aBiblia.$pN.T.$pIohannis I-II-III.$lItaliano.$0(OLS)http://pul/title/31679 245 10$aLettere di S. Giovanni :$btesto originale greco disposto in forma schematica /$cEdward Malatesta S.J. ; versione italiana a cura del sac. Guido Berardi. 260 $aFano :$bTypis Paulinis,$c1967. 300 $a65 p. ;$c25 cm 500 $aIn testa al front.: Edizioni poliglotte {mlrhring}Berardi{AF}. 700 1 $aBerardi, Guido,$csac.$0(OLS)http://pul/name/24327 700 1 $aMalatesta, Edward,$cS.I.$0(OLS)http://pul/name/18277 730 0 $aBiblia.$pN.T.$pIohannis I-II-III$lGreco.$0(OLS)http://pul/title/43803 850 $aPUL 852 $aPUL$W1$xSL Religione 1$y3$m10 F 40$j43903$nBK-PRI$b $qStampati$B43903$CPULBib$Z2$F43903 $H $81 941 1 $a8 961 $aINV: 76112. 996 $6245$aLettere di S. Giovanni :$btesto originale greco disposto in forma schematica$9(OLS)http://pul/title/43802 996 $6260$aFano :$bTypis Paulinis$9(OLS)http://pul/publisher/61171 LEADER 01408cam a22002894a 4500 001 000000105879 003 CaOOAMICUS 005 20070628095338.0 008 070628s2006 it b 001 0 ita d 020 $a88-8498-305-3 040 $aItFiC$b $cItFiC$dDLC$dPUL$dES 100 1 $aMeroi, Fabrizio,$d1966-$0(OLS)http://pul/name/53106 245 10$aCabala parva :$bla filosofia di Giordano Bruno fra tradizione cristiana e pensiero moderno /$cFabrizio Meroi ; prefazione di Michele Ciliberto. 260 $aRoma :$bEdizioni di Storia e Letteratura,$c2006. 300 $axi, 230 p. ;$c24 cm. 490 1 $aStudi e testi del Rinascimento europeo ;$v28 500 $aIndice p. 219-226 504 $aInclude riferimenti bibliografici 600 14$aBruno, Giordano,$d1548-1600.$0(OLS)http://pul/subject/1390 830 0$aStudi e testi del Rinascimento europeo ;$v28.$0(OLS)http://pul/title/133290 850 $aPUL 852 $aPUL$W1$xSL Filosofia 3$y81$m195 MERFA 1$j120383$qDDC 21$B118723$CPULBib$Z2$F118723 $H103001 $82 941 1 $a9 960 $aGiordano Bruno,$d1548-1600$91390 996 $6020$a88-8498-305-3$9(OLS)http://pul/number/135052 996 $6245$aCabala parva :$bla filosofia di Giordano Bruno fra tradizione cristiana e pensiero moderno$9(OLS)http://pul/title/133289 996 $6260$aRoma :$bEdizioni di Storia e Letteratura$9(OLS)http://pul/publisher/48123